[Event "Olympiad-36"]
[Site "Mallorca"]
[Date "2004.10.26"]
[Round "11"]
[White "Lautier, Joel"]
[Black "Bologan, Viktor"]
[Result "1/2-1/2"]
[WhiteElo "2682"]
[BlackElo "2669"]
[Annotator "Bologan,V"]
[PlyCount "90"]
[EventDate "2004.10.15"]
[EventType "team-swiss"]
[EventRounds "14"]
[EventCountry "ESP"]
[SourceTitle "CBM 104"]
[Source "ChessBase"]
[SourceDate "2005.01.27"]
[SourceVersion "1"]
[SourceVersionDate "2005.01.27"]
[SourceQuality "1"]
[WhiteTeam "France"]
[BlackTeam "Moldova"]
[WhiteTeamCountry "FRA"]
[BlackTeamCountry "MDA"]

1. d4 Nf6 2. c4 e6 3. Nf3 d5 4. g3 Bb4+ 5. Bd2 Be7 6. Bg2 dxc4 7. Qc2 Bd7 8.
Ne5 Nc6 9. Qxc4 Nxe5 10. dxe5 Nd5 11. Nc3 $5 $146 (11. Qg4 g6 12. Nc3 Nxc3 13.
Bxc3 Qc8 14. O-O c5 15. a4 Bc6 16. e4 O-O 17. h4 b6 18. f4 Qb7 19. Rae1 h5 20.
Qe2 b5 21. f5 exf5 22. e6 f6 23. exf5 Bxg2 24. Qxg2 Qxg2+ 25. Kxg2 b4 26. Bd2
Rfd8 27. Rd1 c4 28. fxg6 Kg7 29. Be3 {1/2-1/2 Lemke, H - Bebersdorf, C/1995/
GER-chT}) 11... Nxc3 12. bxc3 $5 (12. Bxc3 Qc8 13. O-O c5) 12... c6 13. Qg4 g6
14. Rb1 Qc7 15. Qe4 h5 16. h4 $5 {[%cal Gd2g5] /\ Bg5} Rc8 17. Bg5 Bxg5 18.
hxg5 Qa5 (18... b6 19. Rd1 c5 20. Rd6 $16) 19. O-O (19. Rxb7 Qxc3+) 19... Rc7
20. Rfd1 O-O (20... Qxc3 21. Rb3 Qa5 22. Rbd3 $44) 21. Rd6 c5 $1 $132 22. Qc4 (
22. Qd3 Qxa2 23. Rxb7 Rxb7 24. Bxb7 Bc8) 22... b5 23. Qf4 (23. Qb3 b4 24. cxb4
cxb4 25. Qxb4 Qxe5) 23... Qxc3 24. Qf6 c4 (24... Qc2 25. Rbd1 Bc6 26. R1d2 Qc1+
27. Rd1 Qc2 $11) 25. Rbd1 Be8 26. Rd8 Qa3 (26... Qc2 $5) 27. Be4 c3 (27... Qxa2
28. Bxg6) (27... Qe7 28. Qxe7 (28. Rb8 Qxf6 29. gxf6 Bd7) 28... Rxe7 29. Rb8
Rd7 30. Rd6 Rxd6 31. exd6 Bd7 32. Rb7 Rd8) 28. Bxg6 $1 (28. Rb8 $5 Qe7 (28...
c2 29. Bxc2 Rxc2 30. Rdd8) (28... Rd7 29. Rxd7 Bxd7 30. Bxg6) 29. Qxe7 (29.
Rdd8 a5 30. Bc2 b4 31. Ba4 Qxf6 32. gxf6 c2 33. Bxc2 Rxc2 34. Rxe8 Rxe8 35.
Rxe8+ Kh7 36. Re7 Kg8 37. Re8+ $11) 29... Rxe7 30. Rdd8 b4 (30... a5 31. a3 b4
32. axb4 axb4 33. Rxb4 Rc7 34. Rbb8 c2 35. Bxc2 Rxc2 36. Rxe8 Rxe8 37. Rxe8+
Kg7 $11) 31. Rxb4 Rc7) 28... fxg6 29. Rxe8 Rxe8 30. Qxg6+ Kf8 31. Qh6+ Rg7 $4 (
31... Kg8 $11) 32. Qh8+ (32. Rd7 Qc1+ 33. Kg2 Qxg5) 32... Kf7 33. Qxh5+ (33.
g6+ Rxg6 34. Qh7+ Rg7 35. Qxh5+ Rg6 $11) 33... Ke7 34. g6 $1 Qa4 $8 (34... Qb4
35. Qh6 $18) 35. Qg5+ $2 (35. Rd3 $1 Qe4 36. Qg5+ Kf8 37. Qf6+ Kg8 38. Qxe6+
Kf8 39. Rf3+ Qxf3 40. Qd6+ Rge7 41. exf3) 35... Kf8 36. Qf6+ Kg8 37. Rd8 (37.
Qxe6+ Kf8 38. Qf6+ Kg8 39. Rd8 b4 40. Qa6 Rxd8 41. Qxa4 Rc7 $17) 37... b4 38.
Qxe6+ Kf8 39. Qf6+ Kg8 40. Qe6+ (40. Qa6 Rxd8 41. Qxa4 Rc7) 40... Kf8 41. Qd6+
Kg8 42. Qd5+ Kf8 (42... Kh8 $11) 43. Qf3+ (43. Rd6 Rge7) 43... Kg8 44. Qd5+ Kf8
45. Qf3+ Kg8 1/2-1/2

[Event "Hoogovens"]
[Site "Wijk aan Zee"]
[Date "1984.01.18"]
[Round "5"]
[White "Sosonko, Gennadi"]
[Black "Kortschnoj, Viktor Lvovich"]
[Result "0-1"]
[WhiteElo "2560"]
[BlackElo "2635"]
[Annotator "Bulletin"]
[PlyCount "50"]
[EventDate "1984.01.13"]
[EventType "tourn"]
[EventRounds "13"]
[EventCountry "NED"]
[EventCategory "13"]
[SourceTitle "MCL"]
[Source "ChessBase"]
[SourceDate "1999.07.01"]
[SourceVersion "1"]
[SourceVersionDate "1999.07.01"]
[SourceQuality "1"]

1. d4 Nf6 2. c4 e6 3. g3 d5 4. Bg2 dxc4 5. Nf3 Bd7 6. Nbd2 (6. Qc2) 6... Bb4 7.
Qc2 (7. O-O $6 Bxd2 {P c6}) 7... Bb5 8. O-O Nc6 9. Rd1 (9. Nxc4 Nxd4) 9... Nxd4
10. Nxd4 Qxd4 11. Ne4 (11. Bxb7 $1 Rd8 12. a4 Qb6 (12... c3 $2 13. bxc3 Qxc3
14. Qxc3 Bxc3 15. axb5 Bxa1 16. Ba3 $16) 13. axb5 Qxb7 14. Nxc4 $10) 11... Qb6
12. Be3 Qa6 13. Bd4 Be7 14. Bxf6 gxf6 (14... Bxf6 $5 15. Nxf6+ (15. Nc5 $2 Qb6
$17) 15... gxf6 16. Qc3 e5 17. Qf3 (17. Bh3 $5) 17... Ke7 18. Qxb7 Qxb7 $17)
15. Qc3 e5 16. Qf3 Bd7 (16... Qe6 $2 17. Nxf6+ {P xb7}) 17. Qh5 (17. Nc3 c6 18.
Ne4 O-O-O $17) 17... Qe6 18. Nc3 c6 19. Nb5 $1 $8 Rc8 20. Rxd7 Qxd7 21. Bh3 Qd2
$2 (21... Qd8 22. Nc3 Qc7 23. Be6 Rf8 $17) 22. Bxc8 cxb5 23. e3 $2 (23. Bxb7
$44) 23... c3 $1 $19 24. Qh3 Qxb2 25. Qf1 c2 0-1

[Event "Yerevan"]
[Site "Yerevan"]
[Date "1989.??.??"]
[Round "?"]
[White "Romanishin, Oleg M"]
[Black "Marjanovic, Slavoljub"]
[Result "1-0"]
[WhiteElo "2555"]
[BlackElo "2490"]
[Annotator "Bulletin"]
[PlyCount "63"]
[EventDate "1989.05.??"]
[EventType "tourn"]
[EventRounds "11"]
[EventCountry "URS"]
[EventCategory "12"]
[SourceTitle "CBM 014"]
[Source "ChessBase"]
[SourceDate "1990.02.01"]
[SourceVersion "1"]
[SourceVersionDate "1990.02.01"]
[SourceQuality "1"]

1. c4 e6 2. Nf3 d5 3. d4 Nf6 4. g3 dxc4 5. Bg2 a6 6. O-O b5 7. Ne5 Nd5 8. a4
Bb7 9. b3 cxb3 10. axb5 axb5 11. Rxa8 Bxa8 12. Qxb3 c6 13. Nc3 Be7 $2 (13...
Nd7 14. Ne4 Be7 $13) 14. Nxd5 exd5 15. Qa2 $1 Bb7 (15... Nd7 16. Nxd7 Kxd7) 16.
Qa7 Qc7 (16... Qc8 17. Bh3 Qxh3 18. Qxb7 $16) 17. Bf4 Bd6 18. Rc1 Qe7 19. Ra1
$1 Bc8 (19... O-O 20. Qb6 {/\ 21.Ra7}) 20. Qxe7+ Kxe7 21. Ra7+ Nd7 (21... Bd7
22. Bh3 Rd8 23. Bxd7 Nxd7 24. Nxc6+ $18) 22. Nxc6+ Ke6 23. Bh3+ f5 24. Bxf5+
Kxf5 25. Bxd6 Ke6 26. Bb4 Re8 27. f3 Kf6 28. Kf2 g5 29. Rc7 Nb6 30. Rxh7 Nc4
31. Ne7 Be6 32. e4 1-0

[Event "British CF-70 Championship"]
[Site "Southport/ Merseyside"]
[Date "1983.08.18"]
[Round "10"]
[White "Rogers, Ian"]
[Black "Speelman, Jonathan S"]
[Result "1-0"]
[WhiteElo "2390"]
[BlackElo "2570"]
[Annotator "Bulletin"]
[PlyCount "83"]
[EventDate "1983.08.08"]
[EventType "swiss"]
[EventRounds "11"]
[EventCountry "ENG"]
[SourceTitle "EXT 1999"]
[Source "ChessBase"]
[SourceDate "1998.11.16"]
[SourceVersion "1"]
[SourceVersionDate "1998.11.16"]
[SourceQuality "1"]

1. d4 Nf6 2. c4 e6 3. g3 d5 4. Bg2 dxc4 5. Nf3 a6 6. O-O b5 7. Ne5 Nd5 8. Nc3
Bb7 9. e4 Nf6 10. d5 Be7 (10... exd5 11. exd5 Bd6 (11... Be7 $2 12. d6 $18) 12.
Re1 O-O 13. Bg5) 11. dxe6 fxe6 12. Qxd8+ Bxd8 13. a4 b4 14. Ne2 Bxe4 15. Nf4
Bxg2 16. Kxg2 Nfd7 17. Nxc4 Kf7 18. Nd3 Bf6 (18... a5 $6) 19. Rd1 Nb6 20. Nxb6
cxb6 21. Nxb4 a5 22. Nd3 Nd7 23. Be3 Rhb8 24. Rac1 Nc5 (24... b5 25. Rc7 Ke8
26. Nf4 $16) 25. Nxc5 bxc5 26. Rxc5 Rxb2 27. Rd7+ Kg8 28. Rdc7 Rb4 29. Rc4 h6
30. Bd2 Rb2 31. Be3 Kh7 (31... Rb4 32. Bd2 Rb2 (32... Rxc4 $6 33. Rxc4) 33.
Rc8+ Rxc8 34. Rxc8+ Kf7 35. Bxa5 Bd4 36. Be1 Re2 37. Kf1 Ra2 38. Rc4) 32. h4
Rd8 33. R4c6 Rb4 34. Rxe6 Ba1 35. Rxh6+ Kg8 36. Ra6 Rxa4 37. Rc5 Bd4 38. Bxd4
Raxd4 39. Rcxa5 Rf8 40. Ra8 Rxa8 41. Rxa8+ Kh7 42. Ra6 1-0

[Event "ROM-GER Kings"]
[Site "Medias"]
[Date "2015.10.31"]
[Round "2.4"]
[White "Fridman, Daniel"]
[Black "Deac, Bogdan Daniel"]
[Result "0-1"]
[WhiteElo "2649"]
[BlackElo "2455"]
[Annotator "Bulmaga,I"]
[PlyCount "170"]
[EventDate "2015.10.30"]
[EventType "schev"]
[EventRounds "5"]
[EventCountry "ROU"]
[SourceTitle "CBM 169"]
[Source "ChessBase"]
[SourceDate "2015.11.10"]
[SourceVersion "1"]
[SourceVersionDate "2015.11.10"]
[SourceQuality "1"]
[WhiteTeam "Germany"]
[BlackTeam "Romania"]
[WhiteTeamCountry "GER"]
[BlackTeamCountry "ROU"]
[TimeControl "40/5400+30:1800+30"]

1. d4 Nf6 2. c4 e6 3. g3 d5 4. Bg2 dxc4 5. Nf3 Bb4+ 6. Bd2 a5 7. O-O O-O 8. Bg5
{[#]} h6 {Ein interessanter Zug. Hauptvariante ist 8...Nc6. Ich vermute, IM
Deac wollte sich die Möglichkeit offenhalten, seinen Springer nach c6 oder
nach e7 zu entwickeln.} (8... Nc6 9. e3 h6 10. Bxf6 Qxf6 11. a3 Bd6 12. Nbd2
$14) 9. Bxf6 Qxf6 10. Qc2 Nc6 11. Qxc4 e5 12. d5 Nb8 13. Nc3 Na6 14. a3 Bd6 15.
Nd2 Bd7 16. Nce4 Qe7 17. Qc3 a4 {[#]} 18. f4 $2 {Weiß hat aus der Eröffnung
nichts herausgeholt, aber stand auch nicht schlechter. Mit 18.f4 schwächt er
jedoch einfach nur seine Stellung.} (18. Nc4 b5 19. Na5 Nc5 20. Nxc5 Bxc5 21.
d6 cxd6 22. Bxa8 Rxa8 23. Nb7 Bb6 (23... Bd4 24. Qc7 Bxb2 25. Ra2 Bd4 26. e3
Ba7) 24. Rfd1) 18... exf4 19. gxf4 f5 $5 (19... Nc5 20. Nxd6 cxd6 21. e4 Rac8
22. Qd4 $11) 20. Nxd6 cxd6 21. e4 (21. e3 {hielt IM Deac nach der Partie für
eine bessere Verteidigungsmöglichkeit für Weiß.} Rac8 22. Qd3 Nc5 {Aber
auch dann steht Schwarz besser.}) 21... Rac8 22. Qd4 fxe4 23. Nxe4 Nc5 24. Rae1
Nxe4 25. Rxe4 Qf6 26. Qxf6 Rxf6 $15 {Das Endspiel ist sehr angenehm für den
jungen rumänischen IM Deac und Weiß muss aufpassen, dass er nicht ernsthafte
Probleme bekommt.[#]} 27. Rb4 b5 28. Be4 Rc5 29. f5 $6 {Weiß will ...Lf5
verhindern, aber die weiße Stellung hat zu viele Schwächen und kann nicht
mehr verteidigt werden.} (29. Re1 Kf8 30. Bf3 {war vielleicht ein besserer
Versuch, um das Remis zu kämpfen.}) 29... Rf8 30. Rd4 Kf7 31. Kf2 Re8 32. h4
Re5 33. Kg3 Kf6 34. h5 Bxf5 35. Rb4 g6 36. hxg6 Kxg6 37. Bf3 Bd3 38. Rg4+ Rg5
39. Re1 Bf5 40. Rxg5+ hxg5 41. Re3 Kf6 42. b3 axb3 43. Rxb3 Ke5 44. Kf2 Kd4 45.
Rb4+ Kc3 46. Ke3 Bd7 47. Be4 Rc8 48. Rb1 Ra8 49. Rc1+ Kb2 50. Rc7 Be8 51. Re7
Kxa3 52. Rg7 b4 53. Rxg5 b3 54. Rg7 Ba4 55. Kd2 b2 56. Rb7 Re8 57. Bd3 Re5 58.
Bc4 Re4 59. Kc3 Re1 60. Bd3 Rc1+ 61. Kd2 Rc5 62. Be4 Rb5 63. Ra7 Rxd5+ 64. Kc3
Rc5+ 65. Kd4 Rc1 66. Ra6 Kb4 67. Bd3 Rc6 68. Ra8 Rb6 69. Bb1 Bb3 70. Rh8 d5 71.
Rg8 Bc4 72. Bc2 Ba2 73. Ra8 Bc4 74. Rg8 Ra6 75. Rb8+ Ka3 76. Rg8 Ka2 77. Rg1
Rh6 78. Kc3 Rf6 79. Rh1 Rf1 80. Rh8 Rf3+ 81. Kd4 b1=Q 82. Bxb1+ Kxb1 83. Rh2
Kc1 84. Rg2 Rd3+ 85. Kc5 Rd2 0-1

[Event "ROM-GER Kings"]
[Site "Medias"]
[Date "2015.10.30"]
[Round "1.4"]
[White "Donchenko, Alexander"]
[Black "Nevednichy, Vladislav"]
[Result "1-0"]
[WhiteElo "2577"]
[BlackElo "2557"]
[Annotator "Bulmaga/Rogozenco,D"]
[PlyCount "141"]
[EventDate "2015.10.30"]
[EventType "schev"]
[EventRounds "5"]
[EventCountry "ROU"]
[SourceTitle "CBM 169"]
[Source "ChessBase"]
[SourceDate "2015.11.10"]
[SourceVersion "1"]
[SourceVersionDate "2015.11.10"]
[SourceQuality "1"]
[WhiteTeam "Germany"]
[BlackTeam "Romania"]
[WhiteTeamCountry "GER"]
[BlackTeamCountry "ROU"]
[TimeControl "40/5400+30:1800+30"]

1. d4 Nf6 2. c4 e6 3. g3 {"Eine raffinierte Zugfolge, die Weiß mehr
Möglichkeiten gibt", meinte Rustam Kasimdzhanov, der Mannschaftstrainer der
Deutschen.} (3. Nf3 d5 4. g3 Bb4+ 5. Nbd2 dxc4) 3... d5 4. Bg2 Bb4+ 5. Nd2 O-O
(5... dxc4 $4 6. Qa4+ Nc6 7. Bxc6+ $18) 6. Ngf3 Nc6 {Ein seltener Zug, auf den
Schwarz vermutlich während der Partie verfallen ist. Die Hauptzüge sind hier
6...dxc4 und 6...b6.} 7. Qc2 dxc4 8. Qxc4 Qd5 9. O-O Rd8 10. e3 {Bis zu diesem
Zeitpunkt hatte Weiß fast keine Zeit verbraucht, wohingegen Schwarz einige
Mühe hatte, um in die Partie zu kommen. Doch der Kampf fängt gerade erst an
- allerdings steht Weiß vermutlich etwas besser.} a5 11. a3 Bxd2 12. Nxd2 Qxc4
13. Nxc4 a4 {Weiß hat ein angenehmes Endspiel.} 14. Bd2 Bd7 15. Rfc1 Be8 16.
Rc2 Nd5 17. Be1 f6 18. Rac1 Bg6 19. Rd2 Nde7 20. h3 Ra6 (20... b5 21. Ne5 fxe5
22. Bxc6 Nxc6 23. Rxc6 exd4 24. exd4 $14) 21. Rdd1 h5 22. f4 Bf7 23. Bf3 Rd7
24. Nd2 f5 25. Be2 Ra8 26. Kf2 (26. Bb5 Ra5 27. Rc5 {"war vielleicht besser",
meinte Alexander Donchenko nach der Partie.}) 26... Be8 27. Nf3 Nd5 28. Ng5 Nd8
29. Bc4 c6 30. Bd3 Re7 31. Rc5 Nf7 32. Nf3 Nd6 33. Ra5 Rxa5 34. Bxa5 b6 {[#]}
35. Be1 $6 {Beide Seiten befanden sich hier bereits in Zeitnot und da ist
dieser Zug verständlich.} ({Aber viel besser war} 35. Bb4 $1 $16 Nxb4 36. axb4
{was den schwarzen Befreiungszug ...c5 verhindert und Weiß dauerhaften
Vorteil gibt.}) 35... c5 36. Rc1 Rb7 37. Rc2 Bb5 38. Bxb5 Nxb5 39. dxc5 bxc5
40. Rxc5 $2 (40. Ng5 $1 $16) 40... Nd6 41. Rc2 Rb3 42. Ng5 Rxe3 43. Rc6 (43.
Kf1 $5 {Mit der Drohung Rc6, um die schwache Grundreihe auszunutzen.} Kf8 $8
$11) 43... Ne4+ 44. Nxe4 Rxe4 45. h4 {[#]} e5 $2 {Schwarz kann es sich nicht
leisten, einen Bauern zu opfern - aber vielleicht hat er die Idee 47. Rc5!
übersehen?} (45... Ne3 $11) 46. fxe5 Ne3 (46... Rxe5 $2 47. Rc5 $1 Ne3 48.
Rxe5 Ng4+ 49. Ke2 $16) 47. Bc3 Ng4+ (47... Nd1+ {Bot mehr Chancen, die
Stellung zu halten.}) 48. Kf3 Nh2+ 49. Kg2 Re2+ 50. Kg1 Ng4 51. e6 Kh7 52. Ra6
Re4 53. Bb4 Re3 54. Kg2 Nf6 55. e7 Nd5 56. Rxa4 Nxe7 57. Bxe7 Rxe7 58. Rb4 g5
59. hxg5 Kg6 60. a4 Kxg5 61. a5 Re5 62. Ra4 Re2+ 63. Kf3 Rxb2 64. a6 Rb3+ 65.
Ke2 Rb8 66. a7 Ra8 67. Kf3 Kf6 68. Kf4 Ke6 69. Ra5 Kd6 70. Kxf5 Kc6 71. Kg5 1-0

[Event "Grand Slam Final 7th"]
[Site "Bilbao"]
[Date "2014.09.18"]
[Round "4"]
[White "Ponomariov, Ruslan"]
[Black "Aronian, Levon"]
[Result "1/2-1/2"]
[WhiteElo "2717"]
[BlackElo "2804"]
[Annotator "CB"]
[PlyCount "81"]
[EventDate "2014.09.14"]
[EventType "tourn"]
[EventRounds "6"]
[EventCountry "ESP"]
[EventCategory "21"]
[SourceTitle "CBM 163"]
[Source "ChessBase"]
[SourceDate "2014.11.11"]
[SourceVersion "1"]
[SourceVersionDate "2014.11.11"]
[SourceQuality "1"]

1. d4 Nf6 2. c4 e6 3. g3 d5 4. Bg2 dxc4 5. Nf3 Bb4+ 6. Bd2 a5 7. a3 Bxd2+ 8.
Qxd2 Nbd7 9. O-O c6 10. a4 Nb6 11. Na3 Ne4 12. Qc2 Nd6 {Black clings on to the
pawn on c4, trying to force White to simplify material for its recovery or to
force e4-e5.} 13. e4 O-O 14. Rfd1 Qe7 15. Rac1 (15. e5 Nf5 16. Nxc4 Nxc4 17.
Qxc4 Rd8 {is extremely solid for Black.}) 15... c3 $5 16. Rb1 {White loses a
pawn, but he obtains strong compensation for it.} (16. Qxc3 Nxe4 $17) (16. bxc3
Nxe4 $13) 16... cxb2 17. Rxb2 Ne8 {Sadly Black didn't have a lot of
alternatives.} (17... Nd7 18. e5 Nf5 19. Nc4 $14) 18. Rxb6 (18. Ra1 $1 {
In a position with more space I prefer keeping some material alive.}) 18...
Qxa3 19. Ne5 Qe7 20. Qc3 Qd8 21. Qc5 Nf6 22. f4 Nd7 23. Nxd7 Qxd7 24. e5 Rd8
25. Be4 Qe8 26. Kf2 Qf8 27. Qc2 h6 28. Ke3 Ra7 29. h4 {Black is basically
paralyzed, but White has no way of breaking in. Making progress on the
kingside is double-edged.} Bd7 30. Qc5 h5 31. Qc3 Qe7 32. Rdb1 Be8 33. R1b2 Kf8
34. Bf3 f5 35. Rb1 g6 36. R1b2 Kg7 37. Bg2 Rd7 38. Bf3 Rc7 39. Qc5 Qxc5 40.
dxc5 Rd7 41. Rb1 {Neither side can seriously make progress here.} 1/2-1/2

[Event "Biel Suri Memorial"]
[Site "Biel"]
[Date "2014.07.21"]
[Round "7"]
[White "Giri, Anish"]
[Black "Harikrishna, Pentala"]
[Result "1/2-1/2"]
[WhiteElo "2750"]
[BlackElo "2726"]
[Annotator "CB"]
[PlyCount "51"]
[EventDate "2014.07.14"]
[EventType "tourn"]
[EventRounds "10"]
[EventCountry "SUI"]
[EventCategory "19"]
[SourceTitle "CBM 162"]
[Source "ChessBase"]
[SourceDate "2014.09.17"]
[SourceVersion "1"]
[SourceVersionDate "2014.09.17"]
[SourceQuality "1"]

1. d4 Nf6 2. c4 e6 3. g3 d5 4. Bg2 dxc4 5. Nf3 Bd7 6. Ne5 Bc6 7. Nxc6 Nxc6 8.
e3 Qd7 9. O-O O-O-O 10. Nd2 e5 11. Nxc4 exd4 12. exd4 (12. Qa4 {has been
played before.} Nd5) 12... Qe6 13. Qa4 Rxd4 14. b3 $5 Ne4 15. Bb2 Nc5 16. Qxc6
$1 {Forced, but it's enough for the better side of equality.} bxc6 17. Bxd4 Ne4
18. Rae1 (18. Rfe1 {is much different.} f5 19. f3 Qd7 $1 $11 (19... Qd5 20.
Rad1 $16)) 18... f5 19. f3 Qd5 20. fxe4 Qxd4+ 21. Kh1 Bb4 22. Rd1 Qc3 23. Rc1
Qd4 24. Rcd1 Qc3 25. Rc1 Qd4 26. Rcd1 1/2-1/2

[Event "Bundesliga 1516"]
[Site "Germany"]
[Date "2015.12.12"]
[Round "3.7"]
[White "Wojtaszek, Radoslaw"]
[Black "Duda, Jan Krzysztof"]
[Result "1-0"]
[WhiteElo "2741"]
[BlackElo "2645"]
[Annotator "CB"]
[PlyCount "109"]
[EventDate "2015.09.18"]
[EventType "team-tourn"]
[EventRounds "15"]
[EventCountry "GER"]
[SourceTitle "CBM 170"]
[Source "ChessBase"]
[SourceDate "2016.01.15"]
[SourceVersion "1"]
[SourceVersionDate "2016.01.15"]
[SourceQuality "1"]
[WhiteTeam "Baden-Baden"]
[BlackTeam "Hamburger SK"]
[WhiteTeamCountry "GER"]
[BlackTeamCountry "GER"]

1. d4 Nf6 2. c4 e6 3. g3 d5 4. Nf3 dxc4 5. Bg2 a6 6. O-O Nc6 7. e3 Bd7 8. Qe2
Bd6 9. Qxc4 O-O 10. Rd1 Rb8 11. Nbd2 Qe7 $146 (11... e5 12. dxe5 Bxe5 13. Qe2
Qe7 14. Nc4 $14 Rfd8 15. Bd2 Bd4 16. Rac1 Bf5 17. Qe1 Bc5 18. a3 b5 19. Na5
Nxa5 20. Bxa5 Be4 21. Qc3 Rxd1+ 22. Rxd1 Re8 23. Ng5 Bxg2 24. Kxg2 h6 25. Nf3
Ne4 26. Qc2 Bd6 27. Nd4 c5 28. Nf5 Qf6 29. Nxd6 Nxd6 30. Qxc5 Qxf2+ 31. Kxf2
Ne4+ 32. Kf3 Nxc5 33. Rd6 Re5 34. Bb4 Rf5+ 35. Kg4 g6 36. Bxc5 Rxc5 37. Rxa6
Rc2 38. b4 Rxh2 39. Ra5 Ra2 40. Kf3 h5 41. Rxb5 Rxa3 42. Ke4 {1/2-1/2 (42)
Gelfand,B (2751)-Wang,H (2737) Tashkent 2012 CBM 152 [Sumets,A]}) 12. b3 (12.
Qe2 e5 13. dxe5 Nxe5 14. Nxe5 Bxe5 15. Nc4 {so gewinnt Weiß das Läuferpaar,
aber Schwarz kann dies durch Gegenspiel auf den weißen Feldern ausreichend
kompensieren. Allen voran ist das Problem des Lc1 noch ungelöst.} Rfd8 {
und nun z.B.} 16. Bd2 Bb5 17. Rab1 Rd7 $132) 12... e5 13. Bb2 {Weiß verzichtet
auf das Läuferpaar, entsorgt dafür das Sorgenkind aucf c1 und setzt im Laufe
der Partie die strukturellen schwarzen Defizite am Damenflügel unter Druck.}
Rfe8 14. dxe5 Nxe5 15. Nxe5 Bxe5 16. Bxe5 Qxe5 17. Nf3 Qa5 {die Dame muss den
Bauern auf c7 decken und Weiß kann so mit Tempo den wichtigen Vorstoß b3-b4
durchsetzen} 18. b4 Qb6 19. Nd4 {Diagramm [#]} c6 $14 {Schwarz muss aufgrund
der bereits früh erfolgten Schwächung a7-a6 nun alle Bauern über kurz oder
lang auf Weiß stellen. Eine Struktur a7-b6-c5 würde im Ausgleich garantieren.
Hier hat Weiß jedoch schönes Spiel auf den geschwächten schwarzen Feldern.}
20. a4 Rbd8 21. a5 Qa7 22. Rd3 Qb8 23. Rad1 h5 24. Qc1 {nimmt die Dame aus der
Schußlinie des Ld7, der sich nach weißem} (24. Nb3 $6 {nur zu gerne gegen den
Springer getauscht hätte} Be6 25. Qc3 Bxb3 26. Qxb3) 24... Rc8 25. Nb3 Bf5 26.
Rd4 Rc7 27. Nc5 {Diagramm [#]} Rce7 28. Qc4 Qc8 {Weiß hat auf den Linien a bis
d nun die optimale Stellung eingenommen und setzt nun seine Bauernmehrheit in
Gang} 29. e4 {Nimmt das wichtige Feld unter Kontrolle, sodaß Weiß nun den
Lg2 abtauschen lassen kann.} Bh3 30. Qd3 Bxg2 31. Kxg2 h4 32. f3 Qc7 33. Rd8 {
verblüffend einfach - tauschen sich alle Schwerfiguren, fällt der Bauer b7 und
damit der gesamte schwarze Widerstand} b6 (33... Rxd8 34. Qxd8+ Qxd8 35. Rxd8+
Kh7 36. Rb8 $18) 34. Nxa6 Qb7 35. axb6 Qxb6 36. Rd4 Ra7 37. Nc5 Qb8 38. Rd2 Ra1
39. Rd1 Ra8 40. Qc4 Qe5 41. Nd3 $1 {bringt den Springer zur Verteidigung des
etwas geschwächten Königs} Qg5 42. Nf4 Reb8 43. R1d2 $1 {Nun fühlt sich der
König auf g2 schon geborgener} hxg3 44. hxg3 Nh5 45. Ne2 $1 Ra3 46. Qc5 Qxc5 (
46... Qh6 47. b5 $1 Ra5 48. Rd8+ Rxd8 49. Rxd8+ Kh7 50. Qf5+ Qg6 51. Qxg6+ Kxg6
52. bxc6 $18) 47. bxc5 Rbb3 48. Rd8+ Kh7 49. Nd4 Rc3 50. Rd7 f6 51. Rb2 Rc1 52.
g4 Nf4+ 53. Kg3 Ng6 54. Rbb7 Kh6 55. Rxg7 1-0

[Event "EU-ch 11th"]
[Site "Rijeka"]
[Date "2010.03.10"]
[Round "5"]
[White "Rodshtein, Maxim"]
[Black "Naiditsch, Arkadij"]
[Result "0-1"]
[WhiteElo "2609"]
[BlackElo "2691"]
[Annotator "CB"]
[PlyCount "78"]
[EventDate "2010.03.06"]
[EventType "swiss"]
[EventRounds "11"]
[EventCountry "CRO"]
[SourceTitle "CBM 136"]
[Source "ChessBase"]
[SourceDate "2010.05.18"]
[SourceVersion "1"]
[SourceVersionDate "2010.05.18"]
[SourceQuality "1"]

1. d4 Nf6 2. c4 e6 3. Nf3 d5 4. g3 dxc4 5. Bg2 Nc6 6. Qa4 Nd7 7. Qxc4 Nb6 8.
Qb5 a6 9. Qd3 e5 10. Nxe5 Nb4 11. Qd1 Qxd4 12. Qxd4 Nc2+ 13. Kd1 Nxd4 14. Be3
Nf5 15. Bxb6 cxb6 {#The German GM has reached this position twice before,
against no less than Kramnik and Eljanov, losing both games. For those relying
on stats for their opening choices, this would lead it to be buried for good.
But the truth is the line wasn't to blame, and, as the saying goes, third
time's a charm.} 16. Nc3 Bc5 17. Nd3 $146 ({Kramnik chose} 17. e3 {though
achieved nothing from the opening after} O-O 18. Ke2 Re8 19. Nd3 Rb8) 17... O-O
18. Ne4 Be7 19. e3 Bd7 20. Ke2 Bc6 21. Rhc1 Rfe8 22. g4 $2 {#On the surface
this might look like a good move as it forces the knight to h6 and restricts
its movement. Unfortunately for White, this concept is illusory as it lasts no
more than 3 moves and does nothing to improve his position.} ({Better was} 22.
Ne5 Bb5+ {followed by} 23. Nc4 Rac8 {and} 24. b3) 22... Nh6 23. Bf3 Rad8 ({
The idea of} 23... Nxg4 {planning 24.Bxg4 Bxe4 fails to the zwischenzug} 24.
Rxc6 $1 bxc6 25. Bxg4) 24. h3 f5 25. gxf5 Nxf5 26. Ne5 Bb5+ 27. Nc4 Bh4 28. Bh1
Rf8 $6 ({with the idea} 28... Bc6 29. Ncd2 Rf8) 29. a4 Nd6 30. axb5 Nxe4 31. f4
Ng3+ 32. Kf3 axb5 33. Ne5 Rd5 34. Ng4 Rd2 35. Rc7 Rxb2 36. Rg1 h5 37. Ne5 Nf5
38. Ke4 Rd2 39. Rd7 Nd6+ {wins the exchange since 40.Kf3 allows 40...Rf2 mate.}
0-1